• 首页
  • 本馆介绍
  • 公告通知
  • 最新文献
  • 馆藏检索
  • 电子资源
  • 读者荐购
  • 参考咨询
  • CALIS
  • 我的图书馆
  • 登录
  • 详细信息显示
  • 放入我的书架
  • 预约/预借图书
  • 作者相关作品
  • 分类相关作品
  • 丛书相关作品
  • 出版社相关作品

书目信息

  • 表格格式
  • 工作单格式
  • 卡片格式
题名:
大学生体育与健康
    
 
作者: 丁美俊 主编
分册:  
出版信息: 开封   河南大学出版社  2003.06
页数: 323页
开本: 28cm
丛书名:
单 册:
中图分类: G807.4
科图分类:
主题词: 体育理论
电子资源:
ISBN: 978-7-81041-958-1
 
 
 
 
 
000 00530nam0 2200181 450
001 0956939911
005 20090616155001.79
010    @a978-7-81041-958-1@dCNY21.80
100    @a20080617d2003 km y0chiy0120 ea
101 0  @achi
200 1  @a大学生体育与健康@Ada xue sheng ti yu yu jian kang@f丁美俊等主编@Fding mei jun deng zhu bian
210    @a开封@c河南大学出版社@d2003.06
215    @a323页@d28cm
606 0  @a体育理论
690    @aG807.4@v4
701  0 @a丁美俊@Ading mei jun@4主编
801  0 @aCN@c20090616
905    @dG807.4@eD540
    
    大学生体育与健康/丁美俊等主编.-开封:河南大学出版社,2003.06
    323页;28cm
    
    
    ISBN 978-7-81041-958-1:CNY21.80
    
●
相关链接 在E读中查询图书 在当当中查询图书 在豆瓣中查询图书


正题名:大学生体育与健康     索取号:G807.4/D540         预约/预借

序号 登录号 条形码 馆藏地/架位号 状态 备注
1 469104   204691048   社科库409/409社科库 19排4列5层/ [索取号:G807.4/D540] 在馆    
河南城建学院图书馆 欢迎您!
大连网信软件有限公司© 版权所有